Topographia Galliae, sive, Descriptio et delineatio famosissimorum locorum in potentissimo regno Galliae (Record no. 114908)

MARC details
000 -LEADER
fixed length control field 00778cam a22002055a 4500
001 - CONTROL NUMBER
control field L157662
008 - FIXED-LENGTH DATA ELEMENTS--GENERAL INFORMATION
fixed length control field 130221s1656 xxk f 000 0 eng d
035 ## - SYSTEM CONTROL NUMBER
System control number (Sirsi) u157662
041 0# - LANGUAGE CODE
Language code of text/sound track or separate title eng
100 1# - MAIN ENTRY--PERSONAL NAME
Personal name Zeiller, Martin
Dates associated with a name 1589-1661
245 00 - TITLE STATEMENT
Title Topographia Galliae, sive, Descriptio et delineatio famosissimorum locorum in potentissimo regno Galliae
260 ## - PUBLICATION, DISTRIBUTION, ETC.
Place of publication, distribution, etc. Francofurti
Name of publisher, distributor, etc. Cura & impendio Caspari Meriani.
Date of publication, distribution, etc. Anno 1656
300 ## - PHYSICAL DESCRIPTION
Extent 1 v., plates (some fold.)
Other physical details ills., maps, plans
Dimensions 32 cm.
520 ## - SUMMARY, ETC.
Summary, etc. Parts 2 to 4 bound as 1 vol. Latin version of pts. 17-29 of Zeiller's German Topographie.
583 ## - ACTION NOTE
Action Condition reviewed
Time/date of action 20120620
Status conditon level 1
651 #4 - SUBJECT ADDED ENTRY--GEOGRAPHIC NAME
Geographic name France
690 ## - LOCAL SUBJECT ADDED ENTRY--TOPICAL TERM (OCLC, RLIN)
Topical term or geographic name as entry element Infrastructure
9 (RLIN) 6246
700 1# - ADDED ENTRY--PERSONAL NAME
Personal name Merian, Caspar
Dates associated with a name 1627-1686
942 ## - ADDED ENTRY ELEMENTS (KOHA)
Suppress in OPAC 0
Holdings
Withdrawn status Lost status Source of classification or shelving scheme Damaged status Not for loan Home library Current library Shelving location Date acquired Total Checkouts Full call number Barcode Date last seen Copy number Price effective from Koha item type
    Dewey Decimal Classification     Historic collection Historic collection Historic collection 21/02/2013   FOLIO 1656 ZEILLER 30078197 06/08/2019 1 06/08/2019 Book